| 000 | 00937nam a2200205Ia 4500 | ||
|---|---|---|---|
| 999 |
_c38775 _d38775 |
||
| 001 | 5124 | ||
| 003 | GE_BSU | ||
| 005 | 20190605214552.0 | ||
| 008 | 181216s1969||||ge |||||||||||||| ||geo|| | ||
| 040 | _cGE_BSU | ||
| 041 | _ageo | ||
| 080 | _a744(075.4) შ-15 | ||
| 100 |
_aშავგულიძე, ა. _92216 |
||
| 245 |
_aტექნიკური ხაზვის სპეციალური კურსი პირველი ნაწილი : _bსახელმძღვ. / _cა. შავგულიძე ; რედ. ა. გულისაშვილი. |
||
| 264 |
_aთბილისი : _bგანათლება, _c1969. |
||
| 300 |
_a219 გვ.; _bნახაზ. მაგალითები გვ.175-215. _c27 სმ. |
||
| 653 | _aტექნიკური ხაზვა | ||
| 700 |
_aგულისაშვილი, ა. _eრედაქტორი _91618 |
||
| 942 |
_cBK _2udc |
||